80's Singer by Song - Statistics

General Stats
  • This quiz has been taken 246 times
  • The average score is 13 of 20
Answer Stats
Song Singers % Correct
Like A Virgin Madonna
99%
Beat It Michael Jackson
98%
Girls Just Want to Have Fun Cyndi Lauper
94%
Careless Whisper George Michael
89%
Total Eclipse of the Heart Bonnie Tyler
86%
In the Air Tonight Phil Collins
86%
What's Love Got to Do With it Tina Turner
84%
Every Breath You Take (Lead Singer) Sting
81%
Rhythm Nation Janet Jackson
80%
Little Red Corvette Prince
74%
Hello Lionel Richie
71%
Sweet Dreams (Female Singer) Annie Lennox
69%
Heaven is a Place on Earth Belinda Carlisle
65%
Hit Me with Your Best Shot Pat Benatar
57%
Straight Up Paula Abdul
56%
Smooth Operator (Lead Singer) Sade Adu
53%
Conga Gloria Estefan
36%
No More Lonely Nights Paul McCartney
23%
Lovesong Robert Smith
10%
Tougher Than the Rest Bruce Springsteen
8%
No matching quizzes found
Score Distribution
Percent of People with Each Score
Percentile by Number Answered
Your Score History
You have not taken this quiz